[Event "Titled Tue 26th Aug Early"]
[Site "chess.com INT"]
[Date "2025.08.26"]
[Round "5"]
[White "Weetik, Vjacheslav"]
[Black "Niemann, Hans Moke"]
[Result "1-0"]
[WhiteTitle "FM"]
[BlackTitle "GM"]
[WhiteElo "2423"]
[BlackElo "2736"]
[WhiteFideId "4153472"]
[BlackFideId "2093596"]
[EventDate "2025.08.26"]

1. e4 c5 2. Nf3 Nc6 3. Bb5 g6 4. O-O Bg7 5. Nc3 e5 6. d3 Nge7 7. Bc4 h6 8. Nd5
O-O 9. c3 d6 10. a3 a5 11. Rb1 Nxd5 12. Bxd5 Ne7 13. Ba2 a4 14. Be3 b5 15. d4
exd4 16. cxd4 c4 17. Rc1 f5 18. Bb1 g5 19. e5 Bb7 20. Re1 Ra6 21. Bd2 Bxf3 22.
gxf3 Ng6 23. Bb4 Nf4 24. Kh1 Kh8 25. e6 Qe7 26. d5 Bxb2 27. Qd2 Bg7 28. Rg1 Ng6
29. Rg3 Be5 30. Rh3 Kg7 31. Rg1 Raa8 32. f4 Nxf4 33. Rhg3 Ng6 34. Rxg5 hxg5 35.
Rxg5 c3 36. Bxc3 Bxc3 37. Qxc3+ Qf6 38. Qg3 Rh8 39. Bxf5 Rh6 40. Kg2 Rah8 41. h4
Rg8 42. h5 Kf8 43. Bxg6 Ke7 44. Qe3 Rf8 45. Qa7+ 1-0

[Event "Titled Tue 26th Aug Early"]
[Site "chess.com INT"]
[Date "2025.08.26"]
[Round "5"]
[White "Ienasoaie, Rafael"]
[Black "Berikkyzy Alanna"]
[Result "1/2-1/2"]
[WhiteTitle "CM"]
[BlackTitle "WFM"]
[WhiteElo "2168"]
[BlackElo "2162"]
[WhiteFideId "1266659"]
[BlackFideId "13780719"]
[EventDate "2025.08.26"]

1. d4 Nf6 2. Nc3 d5 3. Bf4 c5 4. e3 a6 5. dxc5 e6 6. Na4 Nfd7 7. b4 Nc6 8. c3
Be7 9. Nf3 O-O 10. Be2 Bf6 11. a3 b5 12. cxb6 Nxb6 13. Nd4 Bb7 14. Bg3 e5 15.
Nxb6 Qxb6 16. Nb3 a5 17. O-O axb4 18. axb4 Rad8 19. Nc5 Ba8 20. Ra6 Qc7 21. Qb3
Qe7 22. Rfa1 d4 23. Bf3 Rc8 24. Rc1 dxc3 25. Rxa8 Rxa8 26. Bxc6 Rac8 27. Be4
Rfd8 28. Qxc3 g6 29. h3 Bg7 30. Qb3 Kh8 31. Bd5 f5 32. Ra1 Rb8 33. Rb1 Rdc8 34.
Qc4 Rxc5 35. bxc5 Rxb1+ 36. Kh2 Rb8 37. c6 Rc8 38. f3 Qc7 39. Be1 e4+ 40. f4 Qb6
41. Bc3 Qxe3 42. Bxg7+ Kxg7 43. Qb4 Qxf4+ 44. Kh1 Qc1+ 45. Kh2 Qf4+ 46. Kh1 Qc7
47. Qd4+ Kh6 48. Qe3+ Kg7 49. Qd4+ Kh6 50. Qe3+ Kg7 51. Qd4+ 1/2-1/2

[Event "Titled Tue 26th Aug Early"]
[Site "chess.com INT"]
[Date "2025.08.26"]
[Round "5"]
[White "Advaitt Srikant Koduri"]
[Black "Matveeva, Olga"]
[Result "1-0"]
[WhiteTitle "FM"]
[BlackTitle "WIM"]
[WhiteElo "2281"]
[BlackElo "2132"]
[WhiteFideId "25185454"]
[BlackFideId "24107018"]
[EventDate "2025.08.26"]

1. d4 d5 2. Nf3 Nf6 3. Bf4 c5 4. c3 Nc6 5. e3 Bg4 6. Qb3 Qc8 7. Nbd2 e6 8. Ne5
Nxe5 9. Bxe5 c4 10. Qc2 Bf5 11. Qd1 Be7 12. Be2 O-O 13. O-O b5 14. a3 a5 15. Bf3
Bd3 16. Be2 Bxe2 17. Qxe2 Nd7 18. Bg3 f5 19. f3 Bg5 20. h4 Bh6 21. Bd6 Rf7 22.
g4 g6 23. g5 Bf8 24. Bxf8 Qxf8 25. e4 Re8 26. e5 Ra8 27. f4 h5 28. gxh6 Qxh6 29.
Qh2 Rh7 30. Nf3 Qh5 31. Kf2 Kf8 32. Rg1 Ke7 33. Rg5 Qh6 34. Rag1 Nf8 35. h5 b4
36. Qh4 Kd7 37. hxg6 Qxh4+ 38. Nxh4 Rxh4 39. g7 Nh7 40. g8=Q Rxg8 41. Rxg8 Rxf4+
42. Ke3 Re4+ 43. Kd2 Rh4 44. axb4 axb4 45. Rb8 bxc3+ 46. bxc3 Rh2+ 47. Kc1 Kc6
48. Rgg8 Rh1+ 49. Kb2 Rh2+ 50. Ka3 Rh3 51. Kb4 Rh1 52. Rgc8+ Kd7 53. Kc5 Ra1 54.
Rd8+ Kc7 55. Rbc8+ Kb7 56. Rc6 Ng5 57. Rd7+ Kb8 58. Rb6+ Kc8 59. Kc6 Ne4 60.
Rc7+ Kd8 61. Rb8# 1-0

[Event "Titled Tue 26th Aug Early"]
[Site "chess.com INT"]
[Date "2025.08.26"]
[Round "5"]
[White "Brancaleoni, Maurizio"]
[Black "Zepeda Berlanga, Jan Enrique"]
[Result "0-1"]
[WhiteTitle "FM"]
[BlackTitle "CM"]
[WhiteElo "2185"]
[BlackElo "2003"]
[WhiteFideId "803022"]
[BlackFideId "5132355"]
[EventDate "2025.08.26"]

1. Nf3 Nf6 2. c4 g6 3. b3 Bg7 4. Bb2 O-O 5. g3 a5 6. Nc3 d5 7. Nxd5 Nxd5 8. Bxg7
Kxg7 9. cxd5 Qxd5 10. Bg2 Nc6 11. d4 a4 12. O-O axb3 13. axb3 Bf5 14. Rxa8 Rxa8
15. Nh4 Qd7 16. e4 Bh3 17. d5 Na7 18. Qd4+ f6 19. Ra1 b6 20. Nf3 Bxg2 21. Kxg2
Nb5 22. Qb2 Rxa1 23. Qxa1 Nd6 24. e5 Nf5 25. exf6+ exf6 26. Qa7 Qd6 27. Qb7 Ne7
28. Kg1 Nxd5 29. Nd4 Kf7 30. Nb5 Qe5 31. Qc6 Qe1+ 32. Kg2 Qe4+ 33. Kg1 Qe1+ 34.
Kg2 Qe4+ 35. Kh3 Qe6+ 36. Qxe6+ Kxe6 37. Nd4+ Ke5 38. Nc6+ Kd6 39. Nd4 Kc5 40.
Ne6+ Kb4 41. Nf8 Kxb3 42. Nxh7 c5 43. g4 c4 44. g5 fxg5 45. Nf6 c3 46. Nxd5 c2
47. Ne3 c1=Q 48. Ng4 Qf4 49. Nh6 Qxf2 50. Ng4 Qh4+ 51. Kg2 Qxg4+ 52. Kf2 Kc4 53.
Ke3 b5 54. Kf2 b4 55. Ke3 b3 56. Kf2 b2 57. Ke3 b1=Q 58. Kd2 Qd3+ 59. Kc1 Qgd1+
60. Kb2 Q3b3# 0-1

[Event "Titled Tue 26th Aug Early"]
[Site "chess.com INT"]
[Date "2025.08.26"]
[Round "5"]
[White "Gong, Qianyun"]
[Black "Pandey, Srishti"]
[Result "1-0"]
[WhiteTitle "WGM"]
[BlackTitle "WIM"]
[WhiteElo "2229"]
[BlackElo "2202"]
[WhiteFideId "8602425"]
[BlackFideId "35093290"]
[EventDate "2025.08.26"]

1. d4 Nf6 2. c4 d6 3. Nf3 Nbd7 4. g3 g6 5. Bg2 Bg7 6. O-O O-O 7. Nc3 e5 8. e4
exd4 9. Nxd4 Re8 10. Re1 a6 11. Rb1 Rb8 12. b3 Ne5 13. Bb2 c5 14. Nc2 b5 15. Ne3
b4 16. Ncd5 Nxd5 17. Nxd5 Bg4 18. f3 Be6 19. Ne3 Qc8 20. Qxd6 Rd8 21. Qe7 Rd2
22. Bc1 Rxa2 23. Rd1 Nc6 24. Qxc5 Nd4 25. Qxc8+ Rxc8 26. Bd2 Ne2+ 27. Kh1 Nc3
28. Bxc3 bxc3 29. Rbc1 Rb8 30. f4 f5 31. e5 Rxb3 32. c5 Bf8 33. c6 Bc5 34. Nd5
Rbb2 35. Nxc3 Rxg2 36. Nxa2 Rxa2 37. Rxc5 a5 38. c7 a4 39. c8=Q+ Bxc8 40. Rxc8+
Kg7 41. Rc7+ Kh6 42. Rdd7 Kh5 43. h3 h6 44. Ra7 g5 45. Rd6 gxf4 46. gxf4 Kh4 47.
Rxh6+ Kg3 48. Rg6+ Kxf4 49. Rg2 Ra1+ 50. Kh2 a3 51. Ra5 Ke3 52. e6 f4 53. e7 f3
54. e8=Q+ Kf4 55. Qf7+ Ke3 56. Qe6+ Kd3 57. Rd5+ Kc4 58. Qc6+ Kb4 59. Rb5+ Ka4
60. Qa6# 1-0

[Event "Titled Tue 26th Aug Early"]
[Site "chess.com INT"]
[Date "2025.08.26"]
[Round "5"]
[White "Shafer, Logan C"]
[Black "Koridze, Lile"]
[Result "1-0"]
[WhiteTitle "CM"]
[BlackTitle "WFM"]
[WhiteElo "2234"]
[BlackElo "2110"]
[WhiteFideId "30993342"]
[BlackFideId "13612514"]
[EventDate "2025.08.26"]

1. e4 c5 2. Nc3 d6 3. d4 cxd4 4. Qxd4 a6 5. b3 Nf6 6. Bb2 Nc6 7. Qd2 g6 8. O-O-O
Bg7 9. f3 O-O 10. Kb1 Be6 11. h4 h5 12. Nge2 Rc8 13. Nd5 Bxd5 14. exd5 Ne5 15.
Ng3 Qc7 16. c4 b5 17. cxb5 axb5 18. Bxb5 Nxd5 19. Qxd5 Qc2+ 20. Ka1 Rc5 21. Qd2
Qxd2 22. Rxd2 Rxb5 23. Rc1 Ra8 24. Rc7 Rxb3 25. Rxe7 Nd3 26. Bxg7 Kxg7 27. Re3
Rc3 28. Rexd3 Rc1+ 29. Kb2 Rg1 30. Rxd6 Re1 31. Ne4 Re3 32. Nc3 Rb8+ 33. Kc2 Rc8
34. R6d3 Re6 35. a4 Ra6 36. Kd1 Rac6 37. Ne4 Rc4 38. Nd6 Rc1+ 39. Ke2 R8c7 40.
Kf2 Ra1 41. Rd4 Rcc1 42. Ne4 Rc7 43. Ng5 Ra3 44. Rd7 Rxd7 45. Rxd7 Rxa4 46.
Rxf7+ Kg8 47. Rb7 Rxh4 48. Kg3 Ra4 49. Ne4 Ra5 50. Kh4 Kf8 51. Rc7 Kg8 52. Rc5
Kf8 53. Rxa5 1-0

[Event "Titled Tue 26th Aug Early"]
[Site "chess.com INT"]
[Date "2025.08.26"]
[Round "5"]
[White "Urbina Perez, Juan Antonio"]
[Black "Solovchuk, Oleksiy"]
[Result "0-1"]
[WhiteTitle "FM"]
[WhiteElo "2221"]
[BlackElo "2303"]
[WhiteFideId "2217368"]
[BlackFideId "14115220"]
[EventDate "2025.08.26"]

1. e4 c6 2. d4 g6 3. Nf3 Bg7 4. Bc4 d5 5. exd5 cxd5 6. Bb5+ Bd7 7. Bxd7+ Qxd7 8.
O-O Nc6 9. c3 Nf6 10. Bf4 Ne4 11. Nbd2 Rd8 12. Re1 f5 13. Ne5 Bxe5 14. Bxe5 Nxe5
15. dxe5 Qb5 16. Qb3 Qc5 17. Nxe4 dxe4 18. Rad1 Rxd1 19. Rxd1 Qxe5 20. Qxb7 a5
21. Rd5 Qf4 22. g3 Qc1+ 23. Kg2 Kf7 24. Rd7 Re8 25. Qd5+ Kf8 26. Qe5 Qxb2 27.
Qh8+ Kf7 28. Qxh7+ Ke6 29. Rd4 Kf6 30. Qh4+ Kg7 31. Rd7 Kf7 32. Qh7+ Ke6 33. Rd4
Kf6 34. Qh4+ Kg7 35. Rd7 Qa3 36. Qg5 a4 37. h4 Qxa2 38. Rxe7+ Rxe7 39. Qxe7+ Qf7
40. Qe5+ Qf6 41. Qc7+ Kh6 42. Qc4 a3 43. Qb3 Qa6 44. Qa2 g5 45. hxg5+ Kxg5 46.
Qg8+ Kf6 47. Qa2 Ke5 48. c4 Qa4 49. Qa1+ Ke6 50. Qa2 Kd6 0-1

[Event "Titled Tue 26th Aug Early"]
[Site "chess.com INT"]
[Date "2025.08.26"]
[Round "5"]
[White "Kulik, Nicolas"]
[Black "Dreelinck, Jacob"]
[Result "0-1"]
[BlackTitle "FM"]
[WhiteElo "2111"]
[BlackElo "2278"]
[WhiteFideId "3009530"]
[BlackFideId "250511"]
[EventDate "2025.08.26"]

1. e4 c5 2. Nf3 f5 3. exf5 Nc6 4. d4 d5 5. dxc5 Bxf5 6. Bd3 Bxd3 7. Qxd3 e5 8.
Bg5 Nf6 9. Qe2 e4 10. Nc3 Bxc5 11. O-O-O O-O 12. Nxe4 Be7 13. Nxf6+ Bxf6 14.
Qe6+ Kh8 15. Rxd5 Qb6 16. Bxf6 Rxf6 17. Qe3 Qa6 18. a3 Qc4 19. Qb3 Qf4+ 20. Kb1
Raf8 21. Qxb7 h6 22. Rhd1 Qg4 23. Rd6 Qxg2 24. Qxc6 Rxf3 25. Rd8 Qxf2 26. Qd6
Rxd8 27. Qxd8+ Kh7 28. Qd2 Qb6 29. Qe2 Rf6 30. Qe4+ Kg8 31. Qd5+ Kh7 32. Qe4+
Kg8 33. Qc4+ Kh8 34. Qc8+ Kh7 35. Ka1 Qf2 36. Qc3 Qxh2 37. Qd3+ Kh8 38. Qd8+ Kh7
39. Qd3+ Kg8 40. Qd5+ Rf7 41. Qd8+ Rf8 42. Qd5+ Kh8 43. Qd3 Qc7 44. Rf1 Rc8 45.
Qd2 Qxc2 46. Qf4 Qc7 47. Qe3 Qd7 0-1

[Event "Titled Tue 26th Aug Early"]
[Site "chess.com INT"]
[Date "2025.08.26"]
[Round "5"]
[White "Mikhailovsky, Vladimir"]
[Black "Papasimakopoulos, Alexandros"]
[Result "1/2-1/2"]
[WhiteTitle "CM"]
[BlackTitle "IM"]
[WhiteElo "2215"]
[BlackElo "2361"]
[WhiteFideId "34105414"]
[BlackFideId "4244125"]
[EventDate "2025.08.26"]

1. e4 e6 2. d4 d5 3. e5 c5 4. c3 Nc6 5. Nf3 Bd7 6. Be2 h6 7. O-O Rc8 8. Nbd2
cxd4 9. cxd4 Nge7 10. Nb3 b6 11. Bd2 a5 12. Bc3 Nf5 13. Bd3 Nh4 14. Nbd2 Nxf3+
15. Qxf3 Qg5 16. Qe2 g6 17. f4 Qd8 18. g4 Qh4 19. Kh1 Bb4 20. Nf3 Qxg4 21. Rg1
Qxf4 22. Raf1 Bxc3 23. bxc3 Ne7 24. Ng5 Qxg5 25. Rxg5 hxg5 26. Qg2 Rxc3 27. Rd1
Rh5 28. Be2 Rc2 29. Qf1 g4 30. Qe1 Nf5 31. Kg1 Rh3 32. Rd2 Rcc3 33. Bxg4 Rhe3
34. Re2 Bb5 35. Rxe3 Rxe3 36. Qc1 Re4 37. Bxf5 gxf5 38. Qc8+ Ke7 39. Qc7+ Kf8
40. Qxb6 Bc4 41. Qxa5 Kg7 42. Qa7 f4 43. Qe7 Rxd4 44. h4 f3 45. Kf2 Rg4 46. Qf6+
Kg8 47. Kxf3 Rg1 48. Kf2 Rg4 49. h5 Bxa2 50. Kf3 Rg1 51. Kf2 Rg4 52. Qd8+ Kg7
53. Qf6+ Kg8 1/2-1/2

[Event "Titled Tue 26th Aug Early"]
[Site "chess.com INT"]
[Date "2025.08.26"]
[Round "5"]
[White "Sarkar, Justin"]
[Black "Gallasch, Jonas"]
[Result "1-0"]
[WhiteTitle "IM"]
[BlackTitle "FM"]
[WhiteElo "2286"]
[BlackElo "2304"]
[WhiteFideId "2010011"]
[BlackFideId "16222474"]
[EventDate "2025.08.26"]

1. Nf3 Nf6 2. c4 g6 3. Nc3 Bg7 4. e4 e5 5. Nxe5 O-O 6. Nf3 Re8 7. Bd3 Nxe4 8.
Bxe4 Bxc3 9. dxc3 Rxe4+ 10. Be3 d6 11. O-O Nc6 12. b3 Bg4 13. h3 Bxf3 14. Qxf3
Qe7 15. Rae1 Qe6 16. Bd2 Rxe1 17. Rxe1 Ne5 18. Qxb7 Qc8 19. Qxc8+ Rxc8 20. f4
Nc6 21. g4 f5 22. gxf5 gxf5 23. Kf2 Kf7 24. Kf3 Nd8 25. Be3 Ne6 26. Rd1 Nf8 27.
Rd5 Ke6 28. Ra5 Nd7 29. Rxa7 Nf6 30. a4 Ne4 31. a5 Rg8 32. Rxc7 Rg3+ 33. Ke2
Rxh3 34. a6 Rh2+ 35. Kd3 Ra2 36. a7 Nc5+ 37. Bxc5 dxc5 38. Rxh7 Kd6 39. b4 Kc6
40. b5+ Kb6 41. Rf7 Ra1 42. Rxf5 Kxa7 43. Rxc5 Kb6 44. Rd5 Rd1+ 45. Kc2 Rf1 46.
f5 Rf2+ 47. Kb3 Rf1 48. Rd6+ Kb7 49. f6 Kc7 50. c5 Rf3 51. b6+ Kc8 52. Kc4 Rf1
53. Kb5 Ra1 54. Kc6 Ra7 55. Rd8+ Kxd8 56. bxa7 1-0

[Event "Titled Tue 26th Aug Early"]
[Site "chess.com INT"]
[Date "2025.08.26"]
[Round "5"]
[White "Bluebaum, Matthias"]
[Black "Firouzja, Alireza"]
[Result "0-1"]
[WhiteTitle "GM"]
[BlackTitle "GM"]
[WhiteElo "2660"]
[BlackElo "2766"]
[WhiteFideId "24651516"]
[BlackFideId "12573981"]
[EventDate "2025.08.26"]

1. d4 Nf6 2. c4 e6 3. Nc3 Bb4 4. e3 O-O 5. Bd2 d5 6. Nf3 Nbd7 7. Rc1 c6 8. Bd3
h6 9. O-O Re8 10. Ne5 Nxe5 11. dxe5 Nd7 12. f4 Nc5 13. Bb1 dxc4 14. Qc2 Nd3 15.
Rcd1 b5 16. Ne4 Bf8 17. Nf2 c5 18. Bc3 Qb6 19. Nxd3 cxd3 20. Qxd3 g6 21. b3 b4
22. Bb2 Ba6 23. Qe4 Bxf1 24. Rxf1 Rad8 25. Bd3 c4 26. Bxc4 Bc5 27. h4 Bxe3+ 28.
Kh2 h5 29. Rf3 Bd4 30. Bc1 Bg1+ 31. Kh3 Rd1 32. Qc2 Rd7 33. Bd3 Rc7 34. Qb1 Kg7
35. Bxg6 Rxc1 36. Qxc1 fxg6 37. Qc2 Rf8 38. Rg3 Rf5 39. Rg5 Rxg5 40. hxg5 Bc5
41. g3 Be7 42. Qc4 Kf7 43. Qe4 Qd8 44. Qb7 Qd5 45. Qxd5 exd5 46. g4 hxg4+ 47.
Kxg4 Ke6 48. Kf3 Kf5 49. Ke3 Bc5+ 0-1

[Event "Titled Tue 26th Aug Early"]
[Site "chess.com INT"]
[Date "2025.08.26"]
[Round "5"]
[White "Samunenkov, Ihor"]
[Black "Naroditsky, Daniel"]
[Result "0-1"]
[WhiteTitle "GM"]
[BlackTitle "GM"]
[WhiteElo "2548"]
[BlackElo "2619"]
[WhiteFideId "14187086"]
[BlackFideId "2026961"]
[EventDate "2025.08.26"]

1. e4 c5 2. Nf3 g6 3. d4 cxd4 4. Nxd4 Bg7 5. c4 Nc6 6. Be3 Qb6 7. Nb3 Qd8 8. Qd2
Nf6 9. f3 O-O 10. Nc3 d6 11. Nd4 a5 12. Na4 Bd7 13. Nb5 Be6 14. Be2 Nd7 15. O-O
Nb4 16. f4 f5 17. a3 Nc6 18. exf5 Bxf5 19. Rad1 Kh8 20. Bf3 Rc8 21. Qe2 Qe8 22.
Bf2 Qf7 23. Bd5 Qf6 24. g4 Bc2 25. Qxc2 Qxf4 26. Be6 Nce5 27. Bg3 Qe3+ 28. Kh1
Rxf1+ 29. Rxf1 Rf8 30. Re1 Qf3+ 31. Qg2 Qb3 32. Nac3 Nc5 33. Nd4 Qb6 34. Nd5 Qa6
35. Nf4 Ncd3 36. Nxd3 Nxd3 37. Re4 Nc5 38. Bd5 Nxe4 39. Qxe4 Qb6 40. Ne6 Rf1+
41. Kg2 Qg1+ 42. Kh3 Rf6 43. Nxg7 Qf1+ 44. Kh4 g5+ 45. Kxg5 Qh3 46. Nf5 Rg6+ 47.
Kf4 Rxg4+ 48. Kf3 Rxe4 49. Kxe4 Qg4+ 50. Bf4 e5 51. Ne3 Qxf4+ 52. Kd3 Qxh2 53.
b4 a4 54. Bxb7 Qb2 55. Nc2 Qb3+ 56. Kd2 Qxc4 57. Ne3 Qa2+ 58. Kc3 Qxa3+ 0-1

[Event "Titled Tue 26th Aug Early"]
[Site "chess.com INT"]
[Date "2025.08.26"]
[Round "5"]
[White "Vincenti, Leonardo"]
[Black "Apoorv Kamble"]
[Result "1-0"]
[WhiteTitle "CM"]
[BlackTitle "FM"]
[WhiteElo "2221"]
[BlackElo "2365"]
[WhiteFideId "28550820"]
[BlackFideId "25683012"]
[EventDate "2025.08.26"]

1. e4 c6 2. Nc3 d5 3. Qe2 dxe4 4. Nxe4 Nf6 5. Nxf6+ gxf6 6. c3 Bf5 7. d4 e6 8.
Bf4 Nd7 9. O-O-O Qa5 10. Qc4 O-O-O 11. Bd3 Nb6 12. Qb3 Bxd3 13. Rxd3 Qf5 14. Rf3
Rg8 15. g3 Qe4 16. Qc2 f5 17. Qxe4 fxe4 18. Re3 f5 19. Re1 Nd5 20. Ne2 Nxf4 21.
Nxf4 Bh6 22. Rhg1 Rg4 23. h3 Bxf4+ 24. Kd1 Rg6 25. gxf4 Rxg1 26. Rxg1 c5 27. Ke2
cxd4 28. cxd4 Rxd4 29. Rg7 Rd7 30. Rg8+ Kc7 31. Re8 Kd6 32. h4 Kd5 33. Ke3 Kd6
34. h5 Re7 35. Rd8+ Kc7 36. Rg8 Rd7 37. h6 Kc6 38. Re8 Rd3+ 39. Ke2 Rd6 40. Re7
Kd5 41. Rxh7 Rb6 42. b3 Rc6 43. Rd7+ Kc5 44. h7 Rc8 45. Rxb7 Rc7 46. Rxc7+ Kd6
47. Rg7 1-0

[Event "Titled Tue 26th Aug Early"]
[Site "chess.com INT"]
[Date "2025.08.26"]
[Round "5"]
[White "Thet Naung"]
[Black "Oluka Robert Mcligeyo"]
[Result "1-0"]
[WhiteTitle "FM"]
[BlackTitle "CM"]
[WhiteElo "2267"]
[BlackElo "2081"]
[WhiteFideId "13004093"]
[BlackFideId "10814647"]
[EventDate "2025.08.26"]

1. e4 e5 2. Nf3 Nc6 3. Bb5 a6 4. Ba4 Nf6 5. O-O Nxe4 6. Re1 Nc5 7. Bxc6 dxc6 8.
d4 Ne6 9. dxe5 Qxd1 10. Rxd1 Be7 11. Be3 O-O 12. Nc3 Nc5 13. b4 Ne6 14. a3 a5
15. b5 cxb5 16. Nxb5 f6 17. exf6 Bxf6 18. Rab1 Ra6 19. h3 Rc6 20. Rd2 b6 21. Na7
Rc3 22. Nxc8 Rxc8 23. Rb3 Rc4 24. g4 h6 25. Rbd3 Nf4 26. Bxf4 Rxf4 27. Kg2 Rc4
28. Rd7 Rc3 29. R7d3 Rc5 30. Ng1 Re8 31. f4 Re4 32. Ne2 Rec4 33. c3 Bxc3 34.
Rd8+ Kh7 35. R2d7 Bf6 36. Rc8 Rc2 37. Kf3 Ra2 38. Rd3 Rcc2 39. Ng3 Rf2+ 40. Ke4
Rfd2 41. Rxd2 Rxd2 42. Rxc7 Ra2 43. Rb7 Rxa3 44. Nh5 Ra4+ 45. Kf5 Kg8 46. g5
hxg5 47. fxg5 Bd4 48. Kg6 1-0

[Event "Titled Tue 26th Aug Early"]
[Site "chess.com INT"]
[Date "2025.08.26"]
[Round "5"]
[White "Arslanov, Shamil"]
[Black "Vlassov, Nikolai"]
[Result "1/2-1/2"]
[WhiteTitle "IM"]
[BlackTitle "IM"]
[WhiteElo "2410"]
[BlackElo "2301"]
[WhiteFideId "4192826"]
[BlackFideId "4103360"]
[EventDate "2025.08.26"]

1. d4 Nf6 2. f3 Nc6 3. e4 e5 4. dxe5 Nxe5 5. f4 Nc6 6. e5 Ne4 7. Qd5 f5 8. Bc4
Qh4+ 9. g3 Nxg3 10. hxg3 Qxg3+ 11. Kf1 b5 12. Ne2 Qg4 13. Qf7+ Kd8 14. Bd5 Bb7
15. Qh5 Kc8 16. Be3 Qxh5 17. Rxh5 g6 18. Rh2 Nb4 19. Bxb7+ Kxb7 20. Nec3 a6 21.
a3 Nc6 22. Nd5 d6 23. exd6 Bxd6 24. Nbc3 g5 25. Rd1 Rae8 26. Rh6 gxf4 27. Bxf4
Bxf4 28. Nxf4 a5 29. Rd7 Ne5 30. Rg7 Ng4 31. Rhxh7 Rxh7 32. Rxh7 Ne3+ 33. Kf2
Nxc2 34. Nxb5 Kb6 35. Nxc7 Re4 36. Ncd5+ Kb5 37. Rb7+ Ka6 38. Rc7 Nd4 39. Rc8
Kb7 40. Rc7+ Ka6 41. Kg3 Ne2+ 42. Nxe2 Rxe2 43. b4 axb4 44. axb4 Rd2 45. Rc5 Rd4
46. Kf3 Re4 47. Kf2 Rh4 48. Kg3 Rg4+ 49. Kf3 Re4 50. Ra5+ Kb7 51. Rc5 Ka6 1/2-1/2

[Event "Titled Tue 26th Aug Early"]
[Site "chess.com INT"]
[Date "2025.08.26"]
[Round "5"]
[White "Ibrahimli, Murad"]
[Black "Rogov, Matfey"]
[Result "1-0"]
[WhiteTitle "IM"]
[BlackTitle "FM"]
[WhiteElo "2445"]
[BlackElo "2348"]
[WhiteFideId "13410229"]
[BlackFideId "44191308"]
[EventDate "2025.08.26"]

1. c4 e5 2. Nc3 Nf6 3. g3 c6 4. d4 exd4 5. Qxd4 d5 6. Bg2 Na6 7. cxd5 Nb4 8. Qd1
Nbxd5 9. Nf3 Bb4 10. Bd2 Nxc3 11. bxc3 Bc5 12. Qc2 O-O 13. O-O Re8 14. Bf4 Qd5
15. Ne5 Qe6 16. Rad1 Nd5 17. e3 Qf6 18. Nd3 Bb6 19. c4 Nxf4 20. Nxf4 Bg4 21. Rc1
Bc5 22. Qb3 Rab8 23. h3 Bf5 24. Rfd1 g6 25. a4 h5 26. Nd3 Bf8 27. a5 Bh6 28. Nc5
b6 29. axb6 axb6 30. Nd7 Bxd7 31. Rxd7 Rbd8 32. Rxd8 Rxd8 33. Qxb6 Rd2 34. Rf1
h4 35. g4 Kg7 36. Qxc6 Qb2 37. Qe4 Bg5 38. Bf3 Qc3 39. Bg2 Be7 40. Qxe7 Qxc4 41.
Qxh4 Qe2 42. Qg3 Kh7 43. Qf3 Qd3 44. Qxf7+ Kh8 45. Qf6+ Kh7 46. h4 Qd7 47. h5
Qxg4 48. Qxg6+ Qxg6 49. hxg6+ Kxg6 50. Bf3 Kg5 51. Kg2 1-0

[Event "Titled Tue 26th Aug Early"]
[Site "chess.com INT"]
[Date "2025.08.26"]
[Round "5"]
[White "Korchynskyi, Mykola"]
[Black "Janaszak, Dawid"]
[Result "1-0"]
[WhiteTitle "FM"]
[BlackTitle "FM"]
[WhiteElo "2359"]
[BlackElo "2306"]
[WhiteFideId "34138005"]
[BlackFideId "1119206"]
[EventDate "2025.08.26"]

1. d4 Nf6 2. c4 e6 3. Nc3 d5 4. Nf3 h6 5. Bf4 Bd6 6. e3 O-O 7. cxd5 Bxf4 8. exf4
exd5 9. Bd3 Re8+ 10. Ne5 Nc6 11. Bb5 Bd7 12. Bxc6 Bxc6 13. O-O Qd6 14. Re1 Bd7
15. Qb3 b6 16. Rad1 a6 17. h3 Bf5 18. Ne2 c5 19. Ng3 Bh7 20. Qc3 Rac8 21. a3 Ne4
22. Nxe4 Bxe4 23. dxc5 Qxc5 24. Qg3 f6 25. Nd3 Qc2 26. Nb4 Qxb2 27. Nxd5 Bxd5
28. Rxe8+ Rxe8 29. Rxd5 Qc1+ 30. Kh2 Qc6 31. Qd3 Kh8 32. Rd6 Qc5 33. Rd7 Qxf2
34. Qc4 b5 35. Qb4 a5 36. Qd6 a4 37. Rb7 Qe2 38. Qd7 Rg8 39. Qd4 Qc4 40. Qe3 f5
41. Qe5 Qe4 42. Rxb5 Qxe5 43. Rxe5 Rb8 44. Ra5 Rb3 45. Rxa4 g5 46. fxg5 hxg5 47.
Ra7 f4 48. Kg1 Rb2 49. Ra5 Rb1+ 50. Kf2 Rb2+ 51. Kf3 Rb3+ 52. Kg4 Rg3+ 53. Kh5
Rxg2 54. Kg6 1-0

[Event "Titled Tue 26th Aug Early"]
[Site "chess.com INT"]
[Date "2025.08.26"]
[Round "5"]
[White "Sharipov, Davron"]
[Black "Smietanska, Wiktoria"]
[Result "1-0"]
[WhiteTitle "FM"]
[BlackTitle "CM"]
[WhiteElo "2333"]
[BlackElo "2237"]
[WhiteFideId "14212358"]
[BlackFideId "21869359"]
[EventDate "2025.08.26"]

1. d4 Nf6 2. c4 e6 3. Nc3 Bb4 4. e3 O-O 5. Bd2 d5 6. Nf3 b6 7. cxd5 exd5 8. Rc1
Bb7 9. Bd3 c5 10. a3 Bxc3 11. Bxc3 Ne4 12. O-O Nd7 13. Bxe4 dxe4 14. Ne5 Nxe5
15. dxe5 Qe7 16. Qg4 g6 17. f4 exf3 18. gxf3 h5 19. Qf4 Qe6 20. e4 Kh7 21. Kh1
Rad8 22. Rg1 Rd3 23. Rg5 Rfd8 24. Rcg1 Rd1 25. Rg2 Ba6 26. Qg5 R8d7 27. f4 Rxg1+
28. Rxg1 Bb7 29. Re1 Qh3 30. Qg3 Qf5 31. Qg2 Qxf4 32. h3 Rd3 33. Rf1 Qxe4 34.
Rxf7+ Kg8 35. Rxb7 Rxh3+ 36. Kg1 Qe3+ 37. Qf2 Rg3+ 38. Kf1 Rf3 39. Be1 Rxf2+ 40.
Bxf2 Qxe5 41. Rxa7 Qxb2 42. a4 Qb1+ 43. Kg2 Qe4+ 44. Kf1 Qc4+ 45. Kg1 g5 46.
Ra8+ Kg7 47. Ra7+ Kg6 48. Re7 Kf6 49. Re3 g4 50. Bh4+ Kg6 51. Bf2 1-0

[Event "Titled Tue 26th Aug Early"]
[Site "chess.com INT"]
[Date "2025.08.26"]
[Round "5"]
[White "Livaic, Leon"]
[Black "Sindarov, Javokhir"]
[Result "0-1"]
[WhiteTitle "GM"]
[BlackTitle "GM"]
[WhiteElo "2550"]
[BlackElo "2722"]
[WhiteFideId "14531534"]
[BlackFideId "14205483"]
[EventDate "2025.08.26"]

1. d4 Nf6 2. c4 g6 3. Nc3 Bg7 4. e4 d6 5. h3 Nbd7 6. Be3 e5 7. d5 h5 8. Qd2 Nc5
9. Bd3 Nxd3+ 10. Qxd3 Bh6 11. Bxh6 Rxh6 12. c5 Kf8 13. Qe3 Kg7 14. Nf3 h4 15.
O-O-O Nh5 16. Kb1 Rh8 17. Rc1 Bd7 18. Nd2 Nf4 19. Rhg1 dxc5 20. Nc4 Qe7 21. g3
hxg3 22. fxg3 Rxh3 23. Nxe5 Qxe5 24. Qxf4 Re8 25. Rcf1 Qxf4 26. gxf4 b5 27. e5
b4 28. Ne4 Bf5 29. Re1 Rd3 30. Kc1 Bxe4 31. Rxe4 Rxd5 32. Kc2 Rh8 33. e6 Re8 34.
Rge1 Rd4 35. Rxd4 cxd4 36. Re5 Rxe6 37. Rc5 Re2+ 38. Kb3 d3 39. Rxc7 d2 40. Kc2
d1=Q+ 41. Kxd1 Rxb2 42. Rxa7 Rf2 43. Ra4 Rxf4 44. a3 Rf1+ 45. Ke2 Ra1 46. Rxb4
Rxa3 47. Rb7 g5 48. Kf2 Kg6 49. Rb6+ f6 50. Rb8 f5 51. Rg8+ Kh5 52. Ra8 Rxa8 0-1